Phát triển mô hình phân phối sản phẩm nông sản hữu cơ tại Việt Nam

Nội dung sách giới thiệu tổng quan về mô hình phân phối sản phẩm nông sản hữu cơ. Thực trang phát triển mô hình phân phối sản phẩm nông sản hữu cơ tại VN giai đoạn 2012 - 2017. Gải pháp phát triển mô hình phân phối sản phẩm nông sản hữu co...

全面介绍

Đã lưu trong:
书目详细资料
主要作者: Trịnh, Thị Thanh Thủy
格式: 图书
语言:Undetermined
出版: Hà Nội Công thương 2018
主题:
标签: 添加标签
没有标签, 成为第一个标记此记录!
Thư viện lưu trữ: Trung tâm Học liệu Trường Đại học Cần Thơ
LEADER 01121nam a2200205Ia 4500
001 CTU_233299
008 210402s9999 xx 000 0 und d
082 |a 338.1 
082 |b Th523 
100 |a Trịnh, Thị Thanh Thủy 
245 0 |a Phát triển mô hình phân phối sản phẩm nông sản hữu cơ tại Việt Nam 
245 0 |c Trịnh Thị Thanh Thủy (chủ biên), Đặng Thanh Phương, Vũ Thúy Vinh 
260 |a Hà Nội 
260 |b Công thương 
260 |c 2018 
520 |a Nội dung sách giới thiệu tổng quan về mô hình phân phối sản phẩm nông sản hữu cơ. Thực trang phát triển mô hình phân phối sản phẩm nông sản hữu cơ tại VN giai đoạn 2012 - 2017. Gải pháp phát triển mô hình phân phối sản phẩm nông sản hữu cơ tại VN đến năn 2025. 
650 |a Nông nghiệp,Agriculture 
650 |x Khía cạnh kinh tế,Economic aspects 
910 |b dqhieu 
980 |a Trung tâm Học liệu Trường Đại học Cần Thơ